Counties by Letter: K - Statistics

General Stats
  • This quiz has been taken 42 times
  • The average score is 35 of 77
Answer Stats
State County % Correct
Texas King
87%
Washington King
87%
California Kings
87%
New York Kings
87%
Hawaii Kauai
80%
Delaware Kent
80%
Maryland Kent
80%
Michigan Kent
80%
Rhode Island Kent
80%
Texas Kent
80%
Illinois Knox
67%
Indiana Knox
67%
Kentucky Knox
67%
Maine Knox
67%
Missouri Knox
67%
Nebraska Knox
67%
Ohio Knox
67%
Tennessee Knox
67%
Texas Knox
67%
Illinois Kendall
60%
Texas Kendall
60%
Alaska Kodiak Island
60%
Wisconsin Kenosha
53%
Kentucky Kenton
53%
Kansas Kingman
53%
Oregon Klamath
53%
Illinois Kane
47%
Utah Kane
47%
Texas Karnes
47%
Texas Kenedy
47%
Maine Kennebec
47%
California Kern
47%
Colorado Kiowa
47%
Kansas Kiowa
47%
Oklahoma Kiowa
47%
Illinois Kankakee
40%
Nebraska Kearney
40%
Kansas Kearny
40%
Texas Kerr
40%
Alaska Ketchikan Gateway
40%
Texas Kimble
40%
Virginia King William
40%
Washington Kittitas
40%
Texas Kleburg
40%
Indiana Kosciusko
40%
Michigan Kalkaska
33%
West Virginia Kanawha
33%
Oklahoma Kay
33%
Nebraska Keith
33%
Alaska Kenai Peninsula
33%
South Carolina Kershaw
33%
Virginia King and Queen
33%
Oklahoma Kingfisher
33%
Virginia King George
33%
Texas Kinney
33%
Colorado Kit Carson
33%
Washington Kitsap
33%
Minnesota Kittson
33%
Washington Klickitat
33%
Kentucky Knott
33%
Michigan Kalamazoo
27%
Minnesota Kandiyohi
27%
Michigan Keweenaw
27%
Nebraska Keya Paha
27%
Nebraska Kimball
27%
Idaho Kootenai
27%
Hawaii Kalawao
20%
Minnesota Kanabec
20%
Texas Kaufman
20%
Mississippi Kemper
20%
Iowa Keokuk
20%
Wisconsin Kewaunee
20%
South Dakota Kingsbury
20%
Minnesota Koochiching
20%
Iowa Kossuth
20%
Alaska Kusilvak
20%
North Dakota Kidder
13%
No matching quizzes found
Score Distribution
Percent of People with Each Score
Percentile by Number Answered
Your Score History
You have not taken this quiz